书目信息 |
| 题名: |
农村金融体制改革研究
|
|
| 作者: | 汪小亚 著 | |
| 分册: | ||
| 出版信息: | 北京 中国金融出版社 2009 |
|
| 页数: | 11,302页 | |
| 开本: | 24cm | |
| 丛书名: | ||
| 单 册: | ||
| 中图分类: | F832.35 | |
| 科图分类: | ||
| 主题词: | 农村金融--经济体制改革--研究--中国 , 农村金融 , 经济体制改革 | |
| 电子资源: | ||
| ISBN: | 978-7-5049-5083-3 | |
| 000 | 01020nam0 2200277 45 | |
| 001 | 1034513460 | |
| 005 | 20100319083604.65 | |
| 010 | @a978-7-5049-5083-3@dCNY42.00 | |
| 100 | @a20100111d2009 em y0chiy50 ea | |
| 101 | 0 | @achi |
| 102 | @aCN@b110000 | |
| 105 | @ay z 000yy | |
| 106 | @ar | |
| 200 | 1 | @a农村金融体制改革研究@ANong Cun Jin Rong Ti Zhi Gai Ge Yan Jiu@dOn the rural finance reform of China@f汪小亚著@FWang Xiao Ya Zhu@zeng |
| 210 | @a北京@c中国金融出版社@d2009 | |
| 215 | @a11,302页@d24cm | |
| 300 | @a国家社会科学基金项目04BJY051 | |
| 330 | @a本书主要立足于研究近年来农村金融改革的主要成绩和农村金融发展的现状,揭示现有农村金融体制的内在逻辑和制度设计,剖析农村金融发展中存在的问题和制度性缺陷。 | |
| 510 | 1 | @aOn the rural finance reform of China@zeng |
| 606 | 0 | @a农村金融@x经济体制改革@x研究@y中国 |
| 606 | 0 | @a农村金融 |
| 606 | 0 | @a经济体制改革 |
| 690 | @aF832.35@v4 | |
| 701 | 0 | @a汪小亚@AWang Xiao Ya@4著 |
| 801 | 0 | @aCN@bTANGWEI@c20100319 |
| 905 | @b0585795-99@dF832.35@e66@f5 | |
| 农村金融体制改革研究=On the rural finance reform of China/汪小亚著.-北京:中国金融出版社,2009 |
| 11,302页;24cm |
| 国家社会科学基金项目04BJY051 |
| ISBN 978-7-5049-5083-3:CNY42.00 |
| 本书主要立足于研究近年来农村金融改革的主要成绩和农村金融发展的现状,揭示现有农村金融体制的内在逻辑和制度设计,剖析农村金融发展中存在的问题和制度性缺陷。 |
| ● |
| 相关链接 |
|
|
|
|
正题名:农村金融体制改革研究
索取号:F832.35/66
 
预约/预借
| 序号 | 登录号 | 条形码 | 馆藏地/架位号 | 状态 | 备注 |
| 1 | 0585795 | 205857955 | 第一样本阅览室/ [索取号:F832.35/66] | 在馆 | |
| 2 | 0585796 | 205857964 | 第一借阅区/ [索取号:F832.35/66] | 在馆 | |
| 3 | 0585797 | 205857973 | 第一借阅区/ [索取号:F832.35/66] | 在馆 | |
| 4 | 0585798 | 205857982 | 第一借阅区/ [索取号:F832.35/66] | 在馆 | |
| 5 | 0585799 | 205857991 | 密集书库-海洋学院/ [索取号:F832.35/66] | 在馆 |